00563nam a2200205 a 4500001001300000003000900013005001700022008004100039020001000080082001600090100001400106245008000120260003800200300000900238500003500247505001600282650002700298700001600325700001600341nice12345678IN_TiNIC20260116011454.0050524s1913 newa grp 000 0 eng  ac10000a297.09bBUR aBury, J B aCambridge Medieval History, V.2 Rise of Saracens & Foundation of the Wester aNew YorkbMacmillan Companyc1913 a993p aincludes index and biblioraphy2 aIndex, Maps aIslam-History-Saracens1 aGwatkin H M1 aWhitney J P